El mundo de las ciencias naturales : (Record no. 10844)

000 -CABECERA
fixed length control field 01200nam a22002057a 4500
003 - IDENTIFICADOR DEL NÚMERO DE CONTROL
control field AR-CdUCM
008 - DATOS DE LONGITUD FIJA--INFORMACIÓN GENERAL
fixed length control field 190402b ||||| |||| 00| 0 spa d
020 ## - NÚMERO INTERNACIONAL ESTÁNDAR DEL LIBRO
ISBN 84-7764-553-1
040 ## - FUENTE DE LA CATALOGACIÓN
Agencia/entidad que catalogó originalmente la obra MUNICIPALIDAD PROVINCIAL DEL CUSCO
Entidad que transcribió la catalogación BIBLIOTECA MUNICIPAL DEL CUSCO
082 ## - NÚMERO DE LA CLASIFICACIÓN DECIMAL DEWEY
No. de Clasificación ES / 500 /
Notacion interna O28
110 ## - ENTRADA PRINCIPAL--NOMBRE DE ENTIDAD CORPORATIVA
Nombre de la institución, jurisdicción como entrada principal Océano
9 (RLIN) 18496
245 ## - MENCIÓN DE TÍTULO
Título El mundo de las ciencias naturales :
Resto del título Curso teórico practico /
260 ## - PUBLICACIÓN, DISTRIBUCIÓN, ETC.
Lugar de publicación, distribución, etc. España :
Nombre de la editorial, distribuidor, etc. Océano grupo editorial,
Fecha de publicación, distribución, etc. 1991.
300 ## - DESCRIPCIÓN FÍSICA
Nº de Páginas Extensión 4 tomos ;
Dimensiones 26 cm.
505 ## - NOTA DE CONTENIDO CON FORMATO
Nota de contenido formateada Contenido :t.1. El origen del universo -- El sistema solar -- El globo terrestre -- La atmósfera -- Meteorología -- t.2. Composición de la materia viva -- La célula: morfología, estructura y funciones -- La herencia biológica: los cromosomas -- La evolución -- Clasificación de los seres vivos -- t.3 Las plantas, algas. hongos y líquenes -- Las cormofitas: estructura y nutrición -- La fotosíntesis -- Reproducción -- t.4 Clasificación de los animales -- Protozoos -- Invertebrados y vertebrados -- Funciones de nutrición y relación -- La reproducción ...
650 ## - PUNTO DE ACCESO ADICIONAL DE MATERIA--TÉRMINO DE MATERIA
Descriptor Ciencias aplicadas
9 (RLIN) 20077
650 ## - PUNTO DE ACCESO ADICIONAL DE MATERIA--TÉRMINO DE MATERIA
Descriptor Ciencias naturales
9 (RLIN) 10176
942 ## - ELEMENTOS DE PUNTO DE ACCESO ADICIONAL (KOHA)
Fuente de clasificación
Tipo de item Libros-BMC
945 ## - PROCESAMIENTO DE INFORMACIÓN LOCAL (OCLC)
Catalogador rum
Holdings
Estado de retiro (separado) Fuente de clasificación o esquema de estanterías Estado dañado Ubicación Sala donde se ubica Nombre de la colección Fecha de adquisición o compra Costo, precio normal en soles Signatura topográfica Código de Barras Última vez visto (Koha) Tipo de ítem (Koha)
No     Sala de Infantes Sala de Infantes Children's Area 2019-04-02 37.00 ES / 500 / O28 / t.1 SI00000833 2019-04-02 Libros-BMC
No     Sala de Infantes Sala de Infantes Children's Area 2019-04-02 37.00 ES / 500 / O28 / t.2 SI00000834 2019-04-02 Libros-BMC
No     Sala de Infantes Sala de Infantes Children's Area 2019-04-02 37.00 ES / 500 / O28 / t.3 SI00000835 2019-04-02 Libros-BMC
No     Sala de Infantes Sala de Infantes Children's Area 2019-04-02 37.00 ES / 500 / O28 / t.4 SI00000836 2019-04-02 Libros-BMC

Powered by Koha